Guess the Instument - Statistics

General Stats
  • This quiz has been taken 106 times
  • The average score is 5 of 5
Answer Stats
Picture Answer % Correct
violin
99%
guitar
98%
piano
96%
banjo
92%
trumpet
76%
No matching quizzes found
Score Distribution
Percent of People with Each Score
Percentile by Number Answered
Your Score History
You have not taken this quiz